Análisis de sueños : notas del seminario impartido en 1928-1930 /

Compilación de los seminarios que impartió C.G. Jung entre noviembre de 1928 a junio de 1930 acerca de la interpretación de sueños en el que alude a ideas que no aparecen en sus obras publicadas, así como opiniones relajadas sobre religión, historia, la sociedad, y el individuo.

Guardat en:
Dades bibliogràfiques
Autor principal: Jung, Carl Gustav (autor)
Altres autors: McGuire, William (edición e introducción) (edición e introducción)
Format: Llibre
Idioma:espanyol
Publicat: Madrid, España : Trotta, 2024, c2024
Col·lecció:(Estructuras y Procesos. Psicología)
Matèries:
Etiquetes: Afegir etiqueta
Sense etiquetes, Sigues el primer a etiquetar aquest registre!

MARC

LEADER 00000nam^a2200000^a^4500
001 000591988
005 20250521000000.0
009 20260310132938.738
020 |a 978-84-1364-200-0 
037 |a Acervo ITESO - Biblioteca 
041 |a ESP 
082 |a 150. 1954  |b JUN OBR ANA 
100 |a Jung, Carl Gustav  |e (autor) 
245 1 0 |a Análisis de sueños :  |b notas del seminario impartido en 1928-1930 /  |c C.G. Jung ; ed. e introd. de W. McGuire ; tr. por María Dolores Abalos. 
264 4 |a Madrid, España :  |b Trotta,  |c 2024, c2024 
300 |a 730 p. 
336 |a texto  |b txt  |2 rdacontenido 
337 |a sin mediación  |b n  |2 rdamedio 
338 |a volumen  |b nc  |2 rdasoporte 
440 1 |a (Estructuras y Procesos.  |p Psicología) 
500 |a Traducción de: Dream Analysis: Notes of the Seminar Given in 1928-1930 
520 |a Compilación de los seminarios que impartió C.G. Jung entre noviembre de 1928 a junio de 1930 acerca de la interpretación de sueños en el que alude a ideas que no aparecen en sus obras publicadas, así como opiniones relajadas sobre religión, historia, la sociedad, y el individuo. 
521 |a FIL 2024 DIA 
545 0 |a Carl Gustav Jung (1875-1961) fue un psiquiatra y escritor suizo, fundador de la psicología analítica; hijo de un pastor protestante, desde joven rechazaba la aceptación acrítica del dato revelado en el campo religioso; abordaba entonces serios estudios en el terreno de la filosofía y de las religiones y se perfilaban las orientaciones epistemológicas que habrían de guiar su pensamiento. Fue pionero de la psicología profunda: su abordaje teórico y clínico enfatizó la conexión funcional entre la estructura de la psique y la de sus productos, es decir, sus manifestaciones culturales; incorporó en su metodología nociones procedentes de la antropología, la alquimia, el arte, la mitología, la religión y la filosofía. Colaboró con Sigmund Freud hasta 1913. Algunas de sus obras son: Estudios diagnósticos de la asociación (1906); Psicología de la demencia precoz (1907), en la que formula la hipótesis del origen de la esquizofrenia; El contenido de la psicosis (1914); Transformaciones y símbolos de la libido (1912); Los tipos psicológicos (1921); La energética del alma (1928); también el comentario psicológico a El secreto de la flor de oro, antiguo texto chino de alquimia taoísta; Psicología y religión (1940); Psicología y alquimia (1944); Psicología de la transferencia (1946); El yo y el inconsciente (1945); y Respuesta a Job (1952). 
649 |a XX 
650 |a Interpretación de Sueños -  |x Tema Principal 
650 |a Interpretación Psicoanalítica 
650 |a Psicoanálisis Junguiano -  |x Congresos -  |x Tema Principal 
650 |a Psicoanálisis Junguiano -  |x Tema Principal 
650 |a Psicoanálisis -  |x Congresos 
650 |a Psicoanálisis -  |x Teoría 
650 |a Psicología -  |x Congresos 
650 |a Psicología -  |x Teoría 
700 |a McGuire, William  |e (edición e introducción) 
910 |a Fondo General 
920 |a Impresos - Libros 
930 |a Colección General 
905 |a 101 
901 |a 592339-10  |b IT1  |c ACC  |i C187791  |u 20250521 
902 |a https://opac.biblio.iteso.mx/vufind/Record/000591988